| 000 | 04846cam0 2200709 ib4500 | ||
|---|---|---|---|
| 001 | BY-NLB-br0001096090 | ||
| 005 | 20260402102903.0 | ||
| 010 |
^a978-5-98156-498-7 ^bв переплете |
||
| 100 | ^a20140707d2013 m y0rusy50 ca | ||
| 101 | 0 | ^arus | |
| 102 | ^aRU | ||
| 105 | ^aae z 010yy | ||
| 109 | ^ama | ||
| 181 | 0 | ^ai3 | |
| 181 | 0 |
^ab1 ^b b2e |
|
| 182 | 0 | ^an | |
| 200 | 1 |
^aСмядынь ^fсоставитель, автор вступительной статьи П. И. Привалов |
|
| 203 |
^aТекст ^aИзображение ^bнеподвижное ^bдвухмерное ^cнепосредственные |
||
| 210 | ^d2013 | ||
| 215 |
^a287 с. ^cил. |
||
| 320 | ^aБиблиография в подстрочных примечаниях | ||
| 345 | ^9800 экз. | ||
| 461 | 1 |
^12001 ^aСмоленская земля в памятниках русской словесности ^e[сборник ^fпод общей редакцией В. В. Ильина] ^vТ. 26, ч. 2 ^1010 ^a978-5-98156-366-9 ^bв переплете ^1210 ^aСмоленск ^cМаджента ^d2012—2013 ^1215 ^d22 см |
|
| 464 | 0 |
^12001 ^aИван Иванович Орловский ^1700 1 ^3BY-SEK-326287 ^aЖиркевич ^bА. В. ^gАлександр Владимирович ^cписатель ^f1857—1927 |
|
| 464 | 0 |
^12001 ^aБорисоглебский монастырь на Смядыни в Смоленске |
|
| 464 | 0 |
^12001 ^aБорисоглебский монастырь в Смоленске, на Смядыни и раскопки его развалин ^1700 1 ^3BY-NLB-ar132331 ^aОрловский ^bИ. И. ^gИван Иванович ^cисторик ^f1869—1909 |
|
| 600 | 1 |
^3BY-NLB-ar117361 ^aГлеб ^cкнязь муромский ^cсвятой ^f—1015 ^2BY-auth |
|
| 600 | 1 |
^3BY-NLB-ar117360 ^aБорис ^cкнязь ростовский ^cсвятой ^f—1015 ^2BY-auth |
|
| 600 | 1 |
^3BY-NLB-ar132331 ^aОрловский ^bИ. И. ^gИван Иванович ^cисторик ^f1869—1909 ^2BY-auth |
|
| 601 | 0 | 2 |
^3BY-NLB-ar7786685 ^aБорисоглебский монастырь ^cСмоленск ^2BY-auth |
| 606 |
^3BY-NLB-ar18809 ^aМОНАСТЫРИ ^2DVNLB |
||
| 606 |
^3BY-NLB-ar2648372 ^aИСТОРИЯ ^2DVNLB |
||
| 606 |
^3BY-NLB-ar29410 ^aСВЯТЫЕ ^2DVNLB |
||
| 606 |
^3BY-NLB-ar28726 ^aРУССКИЙ ^2DVNLB |
||
| 606 |
^3BY-NLB-ar31737 ^aСРЕДНЕВЕКОВЬЕ ^2DVNLB |
||
| 606 |
^3BY-NLB-ar12358 ^aИСТОРИКИ ^2DVNLB |
||
| 606 |
^3BY-NLB-ar12402 ^aИСТОРИЧЕСКИЕ ИССЛЕДОВАНИЯ ^2DVNLB |
||
| 606 |
^3BY-NLB-ar734 ^a19 ВЕК ВТОРАЯ ПОЛОВИНА ^2DVNLB |
||
| 606 |
^3BY-NLB-ar1564173 ^a20 ВЕК 10-е ГОДЫ ^2DVNLB |
||
| 607 |
^3BY-NLB-ar28572 ^aРоссия ^2BY-auth |
||
| 607 |
^3BY-NLB-ar30688 ^aСмоленская область (Россия) ^2BY-auth |
||
| 607 |
^3BY-NLB-ar6851145 ^aСмядынь, урочище (Смоленск, город; Россия) ^2BY-auth |
||
| 607 |
^3BY-NLB-ar30690 ^aСмоленск, город (Россия) ^2BY-auth |
||
| 608 |
^3BY-NLB-ar41900 ^aБИОГРАФИЧЕСКИЕ СВЕДЕНИЯ ^2BYGNR |
||
| 608 |
^3BY-NLB-ar2658676 ^aПУБЛИЦИСТИКА (лит. произведение) ^2BYGNR |
||
| 660 | ^ae-ru | ||
| 686 |
^a83.3(2Рос) + 63.3(2) ^2rubbk |
||
| 690 |
^a1 ^2Base ^9BY-MI0000 ^xRSEK |
||
| 702 | 1 |
^3BY-SEK-ar7501805 ^aПривалов ^bП. И. ^gПетр Иванович ^4220 ^4080 |
|
| 702 | 1 |
^aИльин ^bВ. В. ^4340 |
|
| 801 | 0 |
^aBY ^bBY-HM0000 ^c20140707 ^gpsbo |
|
| 801 | 2 |
^aBY ^bBY-MI0000 ^c20260323 ^gRCR |
|
| 035 | ^a(BY-MI0000)BY-NLB-br0001096090 | ||
| 899 | 0 |
^aBY-MI0000 ^iС511 ^h83.3(2Рос) |
|